• 首页
  • 本馆介绍
  • 公告通知
  • 最新文献
  • 馆藏检索
  • 电子资源
  • 读者导购
  • 参考咨询
  • 我的图书馆
  • 登录
  • 详细信息显示
  • 放入我的书架
  • 预约/预借图书
  • 作者相关作品
  • 分类相关作品
  • 丛书相关作品
  • 出版社相关作品

书目信息

  • 表格格式
  • 工作单格式
  • 卡片格式
题名:
择吉
    
 
作者: 朱鹰 主编
分册:  
出版信息: 北京   中国社会出版社  2005
页数: 162页
开本: 23cm
丛书名: 天地人彩图系列
单 册:
中图分类: K892-49
科图分类:
主题词: 风俗习惯--中国--通俗读物 , 风俗习惯
电子资源:
ISBN: 7-5087-0534-3
000 00832oam2 2200253 450
001 003008817
005 20061104103851.40
010    @a7-5087-0534-3@dCNY120.00(全套)
100    @a20050416d2005 em y0chiy0110 ea
101 0  @achi
102    @aCN@b110000
105    @aa z 000yy
200 1  @a择吉@9ze ji@e彩图版@f朱鹰主编
210    @a北京@c中国社会出版社@d2005
215    @a162页@d23cm
225 2  @a天地人彩图系列@i中国民俗文化
330    @a本书以大量生动、优美的文字,配以精美的图片,多角度向读者展现了我国民间老百姓日常生活中趋吉避凶的方法、礼仪、习俗等,反映了人们对美好事物的向往和追求。
462  0 @12001 @a中国民俗文化
606 0  @a风俗习惯@y中国@j通俗读物
606 0  @a风俗习惯
690    @aK892-49@v4
701  0 @a朱鹰@9zhu ying@c(民俗文化)@4主编
801  0 @aCN@bNLC@c20061104
905    @a10447@dK892-49@e113
    
    择吉:彩图版/朱鹰主编.-北京:中国社会出版社,2005
    162页;23cm.-(天地人彩图系列.中国民俗文化)
    
    
    ISBN 7-5087-0534-3:CNY120.00(全套)
    本书以大量生动、优美的文字,配以精美的图片,多角度向读者展现了我国民间老百姓日常生活中趋吉避凶的方法、礼仪、习俗等,反映了人们对美好事物的向往和追求。
●
相关链接 在E读中查询图书 在五车中查询图书 在当当中查询图书 在豆瓣中查询图书


正题名:择吉     索取号:K892-49/113         预约/预借

序号 登录号 条形码 馆藏地/架位号 状态 备注
1 0381289   203812892   第二样本阅览室/ [索取号:K892-49/113] 在馆    
2 0381290   203812909   第二借阅区/ [索取号:K892-49/113] 在馆    
3 0381291   203812918   第二借阅区/ [索取号:K892-49/113] 在馆    
4 0381292   203812927   第二借阅区/ [索取号:K892-49/113] 在馆    
5 0381293   203812936   第二借阅区/ [索取号:K892-49/113] 在馆    
唐山师范学院图书馆 欢迎您!
大连网信软件有限公司© 版权所有